TH-SOF-0871-PATH PLANNING OF MICRO AIR VEHICLE IN STATIC ENVIRONMENT (Record no. 593062)

000 -LEADER
fixed length control field 00390nam a22001337a 4500
040 ## - CATALOGING SOURCE
Transcribing agency NUST
082 ## - DEWEY DECIMAL CLASSIFICATION NUMBER
Classification number 200 THE
100 ## - MAIN ENTRY--PERSONAL NAME
Personal name MUHAMMAD ABUBAKAR MUNIR
9 (RLIN) 108172
110 ## - MAIN ENTRY--CORPORATE NAME
Corporate name or jurisdiction name as entry element DR AFZAAL MALIK
9 (RLIN) 91328
245 ## - TITLE STATEMENT
Title TH-SOF-0871-PATH PLANNING OF MICRO AIR VEHICLE IN STATIC ENVIRONMENT
260 ## - PUBLICATION, DISTRIBUTION, ETC.
Place of publication, distribution, etc. ISLAMABAD:
Name of publisher, distributor, etc. NUST COLLEGE OF EME,
Date of publication, distribution, etc. 2013.
650 ## - SUBJECT ADDED ENTRY--TOPICAL TERM
Topical term or geographic name entry element MS-MECH-60
9 (RLIN) 91329
942 ## - ADDED ENTRY ELEMENTS (KOHA)
Source of classification or shelving scheme
Koha item type Thesis
Holdings
Withdrawn status Lost status Source of classification or shelving scheme Damaged status Not for loan Permanent Location Current Location Shelving location Date acquired Total Checkouts Full call number Barcode Date last seen Price effective from Koha item type
          College of Electrical & Mechanical Engineering (CEME) College of Electrical & Mechanical Engineering (CEME) Thesis 01/31/2023   200 THE TH-SOF-0871 01/31/2023 01/31/2023 Reference
© 2023 Central Library, National University of Sciences and Technology. All Rights Reserved.